Guy Ritchie's The covenant / directed by Guy ... Read More
Available copies
- 5 of 5 copies available at LARL/NWRL Consortium.
- 3 of 3 copies available at Lake Agassiz Regional Library. (Show preferred library)
Current holds
0 current holds with 5 total copies.
Show Only Available Copies
| Location | Call Number / Copy Notes | Barcode | Shelving Location | Status | Due Date |
|---|---|---|---|---|---|
| Crookston Public Library | DVD GUY (Text) | 33500013826094 | Main | Available | - |
| Crookston Public Library | DVD GUY (Text) | 33500013826110 | Main | Available | - |
| Moorhead Public Library | DVD GUY (Text) | 33500013826102 | Main | Available | - |
| Roseau Public Library | DVD GUY (Text) | 35500006374399 | Main | Available | - |
| Thief River Falls Public Library | DVD GUY (Text) | 35500006374183 | Main | Available | - |
Record details
- Physical Description: 1 videodisc (123 min.) : sound, color ; 4 3/4 in.
- Publisher: [Burbank, CA] : Warner Bros Entertainment Inc., [2023]
Content descriptions
| General Note: | Originally released as a motion picture in 2023. Wide screen. |
| Creation/Production Credits Note: | Director of photography, Ed Wild ; edited by James ... Read More |
| Participant or Performer Note: | Jake Gyllenhaal, Dar Salim, Antony Starr, ... Read More |
| Summary, etc.: | Guy Ritchie's The Covenant follows US Army ... Read More |
| Target Audience Note: | MPA rating: R; for violence, language throughout ... Read More |
| System Details Note: | DVD, region 1; wide screen; 5.1 Dolby Digital; ... Read More |
| Language Note: | English dialogue; Spanish subtitles; English ... Read More |
Search for related items by subject
| Subject: | Afghan War, 2001-2021 > Drama. Translators > Drama. Soldiers > Drama. |
| LDR | 04492cgm a2200985 i 4500 | ||
|---|---|---|---|
| 001 | 416271 | ||
| 003 | LARL_NWRL_CONSORTIUM | ||
| 005 | 20230620192528.0 | ||
| 008 | 230515s2023 cau123 e vleng d | ||
| 007 | vd cvaizq | ||
| 040 | . | ‡aTEFMT ‡beng ‡erda ‡cTEFMT ‡dTEF ‡dIK2 ‡dGMPMT ‡dINO | |
| 019 | . | ‡a1379245541 ‡a1381268148 | |
| 024 | 1 | . | ‡a883929812523 |
| 028 | 4 | 2. | ‡a1000828868 ‡bWarner Bros. |
| 028 | 4 | 2. | ‡a3000095690 ‡bWarner Bros. ‡q(container) |
| 028 | 4 | 2. | ‡a2000182330 ‡bWarner Bros. ‡q(disc) |
| 035 | . | ‡a(OCoLC)1379070882 ‡z(OCoLC)1379245541 ‡z(OCoLC)1381268148 | |
| 037 | . | ‡bMidwest Tape ‡nhttp://www.midwesttapes.com | |
| 041 | 1 | . | ‡aeng ‡jspa ‡peng ‡qeng ‡heng |
| 043 | . | ‡aa-af--- | |
| 046 | . | ‡k2023 ‡2edtf | |
| 082 | 0 | 4. | ‡a791.43/72 ‡223/eng/20230517 |
| 245 | 0 | 0. | ‡aGuy Ritchie's The covenant / ‡cdirected by Guy Ritchie ; written by Guy Ritchie and Ivan Atkinson & Marn Davies ; produced by Guy Ritchie, Ivan Atkinson, John Friedberg, Josh Berger ; Metro Goldwyn Mayer Pictures presents ; STXfilms presents ; a Toff Guy production ; a film by Guy Ritchie. |
| 246 | 3 | 0. | ‡aCovenant |
| 257 | . | ‡aGreat Britain ‡aSpain ‡aUnited States ‡2naf | |
| 264 | 1. | ‡a[Burbank, CA] : ‡bWarner Bros Entertainment Inc., ‡c[2023] | |
| 300 | . | ‡a1 videodisc (123 min.) : ‡bsound, color ; ‡c4 3/4 in. | |
| 336 | . | ‡atwo-dimensional moving image ‡btdi ‡2rdacontent | |
| 337 | . | ‡avideo ‡bv ‡2rdamedia | |
| 338 | . | ‡avideodisc ‡bvd ‡2rdacarrier | |
| 340 | . | ‡b4 3/4 in | |
| 340 | . | ‡gpolychrome ‡2rdacc | |
| 341 | 0 | . | ‡aauditory ‡bcaptions |
| 341 | 0 | . | ‡avisual ‡daudioDescription |
| 344 | . | ‡adigital ‡2rdatr | |
| 344 | . | ‡boptical ‡2rdarm | |
| 344 | . | ‡gsurround ‡2rdacpc | |
| 344 | . | ‡h5.1 Dolby Digital | |
| 345 | . | ‡dwide screen ‡2rdaar | |
| 347 | . | ‡avideo file ‡2rdaft | |
| 347 | . | ‡bDVD video | |
| 347 | . | ‡eregion 1 ‡2rdare | |
| 380 | . | ‡aMotion pictures ‡2lcgft | |
| 385 | . | ‡aAny audience ‡2marctarget | |
| 385 | . | ‡aGeneral ‡2tlctarget | |
| 538 | . | ‡aDVD, region 1; wide screen; 5.1 Dolby Digital; described video. | |
| 546 | . | ‡aEnglish dialogue; Spanish subtitles; English subtitles for the deaf and hard of hearing (SDH); English described video. | |
| 532 | 1 | . | ‡aEnglish subtitles for the deaf and hard of hearing |
| 532 | 1 | . | ‡aEnglish described video |
| 511 | 1 | . | ‡aJake Gyllenhaal, Dar Salim, Antony Starr, Alexander Ludwig, Sean Sagar, Bobby Schofield, Emily Beecham, Jonny Lee Miller. |
| 508 | . | ‡aDirector of photography, Ed Wild ; edited by James Herbert ; music by Chris Benstead. | |
| 500 | . | ‡aOriginally released as a motion picture in 2023. | |
| 500 | . | ‡aWide screen. | |
| 521 | 8 | . | ‡aMPA rating: R; for violence, language throughout and brief drug content. |
| 520 | . | ‡aGuy Ritchie's The Covenant follows US Army Sergeant John Kinley (Jake Gyllenhaal) and Afghan interpreter Ahmed (Dar Salim). After an ambush, Ahmed goes to Herculean lengths to save Kinley's life. When Kinley learns that Ahmed and his family were not given safe passage to America as promised, he must repay his debt by returning to the war zone to retrieve them before the Taliban hunts them down first. | |
| 650 | 0. | ‡aAfghan War, 2001-2021 ‡vDrama. | |
| 650 | 0. | ‡aTranslators ‡vDrama. | |
| 650 | 0. | ‡aSoldiers ‡vDrama. ‡0(LARL_NWRL_CONSORTIUM)175167 | |
| 655 | 7. | ‡aWar films. ‡2lcgft ‡0(LARL_NWRL_CONSORTIUM)175740 | |
| 655 | 7. | ‡aAction and adventure films. ‡2lcgft ‡0(LARL_NWRL_CONSORTIUM)175617 | |
| 655 | 7. | ‡aThrillers (Motion pictures) ‡2lcgft ‡0(LARL_NWRL_CONSORTIUM)175789 | |
| 655 | 7. | ‡aFeature films. ‡2lcgft ‡0(LARL_NWRL_CONSORTIUM)175625 | |
| 655 | 7. | ‡aFiction films. ‡2lcgft ‡0(LARL_NWRL_CONSORTIUM)175626 | |
| 655 | 7. | ‡aVideo recordings for the hearing impaired. ‡2lcgft ‡0(LARL_NWRL_CONSORTIUM)175744 | |
| 655 | 7. | ‡aVideo recordings for people with visual disabilities. ‡2lcgft ‡0(LARL_NWRL_CONSORTIUM)175745 | |
| 700 | 1 | . | ‡aRitchie, Guy, ‡efilm director, ‡escreenwriter, ‡efilm producer. ‡0(LARL_NWRL_CONSORTIUM)151800 |
| 700 | 1 | . | ‡aAtkinson, Ivan, ‡escreenwriter, ‡efilm producer. |
| 700 | 1 | . | ‡aDavies, Marn, ‡escreenwriter. |
| 700 | 1 | . | ‡aFriedberg, John, ‡efilm producer. |
| 700 | 1 | . | ‡aBerger, Josh, ‡efilm producer. |
| 700 | 1 | . | ‡aGyllenhaal, Jake, ‡d1980- ‡eactor. ‡0(LARL_NWRL_CONSORTIUM)146418 |
| 700 | 1 | . | ‡aSalim, Dar, ‡d1977- ‡eactor. |
| 700 | 1 | . | ‡aStarr, Antony, ‡d1975- ‡eactor. |
| 700 | 1 | . | ‡aLudwig, Alexander, ‡d1992- ‡eactor. ‡0(LARL_NWRL_CONSORTIUM)198439 |
| 700 | 1 | . | ‡aSagar, Sean, ‡eactor. |
| 700 | 1 | . | ‡aSchofield, Bobby, ‡d1993- ‡eactor. |
| 700 | 1 | . | ‡aBeecham, Emily, ‡d1984- ‡eactor. |
| 700 | 1 | . | ‡aMiller, Jonny Lee, ‡eactor. ‡0(LARL_NWRL_CONSORTIUM)142404 |
| 710 | 2 | . | ‡aMetro-Goldwyn-Mayer (1992- ), ‡epresenter. |
| 710 | 2 | . | ‡aSTXfilms (Firm), ‡epresenter. |
| 710 | 2 | . | ‡aToff Guy Films, ‡eproduction company. |
| 710 | 2 | . | ‡aWarner Bros. Entertainment, ‡epublisher. ‡0(LARL_NWRL_CONSORTIUM)191744 |
| 901 | . | ‡a416271 ‡bOCoLC ‡c416271 ‡tbiblio ‡soclc | |

Add to basket
Permalink
Disable Highlighting